000 00432nam a2200181Ia 4500
001 2161
005 20260306143821.0
008 260306t2013||||xx |||||||||||||| ||spa||
041 _aESP
082 _a615.85154
_bL582
100 _aLucas Arranz, Miriam
_eAUT
245 0 _aIntroducción a la musicoterapia
260 _c2013
300 _a180 páginas :
_c23 cm.
650 _aGEN
654 _aCPS
942 _cLIB
_dJUS
_fJUS
_2ddc
_n
999 _c2161
_d2161